| 000 | 00473 a2200145 4500 | ||
|---|---|---|---|
| 003 | OSt | ||
| 005 | 20260213152426.0 | ||
| 008 | 260213b |||||||| |||| 00| 0 eng d | ||
| 020 | _a9789391558413 | ||
| 100 |
_aसोनी एस. _9216738 |
||
| 245 | _aपंचयज्ञाद्वारे परम वैभव | ||
| 260 |
_bभारतीय विचार साधना प्रकाशन _c2021 _aपुणे |
||
| 300 | _a46pp. | ||
| 942 |
_cBK _2ddc |
||
| 999 |
_c370190 _d370190 |
||